Your Battles belong to the Lord (Record no. 11678)

MARC details
000 -LEADER
fixed length control field 00264nam a22000977a 4500
008 - FIXED-LENGTH DATA ELEMENTS--GENERAL INFORMATION
fixed length control field 191128b ||||| |||| 00| 0 eng d
020 ## - INTERNATIONAL STANDARD BOOK NUMBER
International Standard Book Number 9781546026280
100 ## - MAIN ENTRY--PERSONAL NAME
Personal name Meyer Joyce
9 (RLIN) 7366
245 ## - TITLE STATEMENT
Title Your Battles belong to the Lord
260 ## - PUBLICATION, DISTRIBUTION, ETC. (IMPRINT)
Place of publication, distribution, etc. New York
Name of publisher, distributor, etc. Faith Words
Date of publication, distribution, etc. 2019
Holdings
Withdrawn status Lost status Source of classification or shelving scheme Damaged status Koha normalized classification for sorting Not for loan Home library Current library Shelving location Date acquired Total Checkouts Full call number Barcode Date last seen Price effective from Koha item type
    Dewey Decimal Classification   200_000000000000000_F7   Good Samaritan School Library Good Samaritan School Library RELIGION 11/28/2019   200 F-7 MEY15727 11/28/2019 11/28/2019 BOOK

Powered by Koha